De la gran crisis a la globalización : 1930 hasta la actualidad /
Guardado en:
| Autor Principal: | |
|---|---|
| Otros Autores: | , |
| Formato: | Libro |
| Publicado: |
Buenos Aires :
Longseller
|
| Series: | Polimodal
|
| Materias: | |
| Etiquetas: |
Agregar Etiqueta
Sin Etiquetas, Sea el primero en etiquetar este registro!
|
| LEADER | 00930nam a22002415a 4500 | ||
|---|---|---|---|
| 001 | CEM.cems011016 | ||
| 005 | 20071212152758.0 | ||
| 008 | 130507b######################000#0#####d | ||
| 003 | CEMS | ||
| 020 | |a 9879481763 | ||
| 082 | 0 | 4 | |a 940.5 |
| 100 | 1 | |a Canessa, Julio | |
| 245 | 1 | 0 | |a De la gran crisis a la globalización : |b 1930 hasta la actualidad / |c Julio Canessa, Vilma Paura, Gerardo Serrano |
| 260 | |a Buenos Aires : |b Longseller | ||
| 300 | |a 113 p. | ||
| 490 | 0 | |a Polimodal | |
| 505 | 0 | |a La economía del mundo desde 1930 hasta hoy -- Política y relaciones internacionales entre 1930 y la actualidad -- Expresiones culturales del siglo XX -- La sociedad de preguntas abiertas | |
| 653 | |a Historia | ||
| 653 | |a Historia-polimodal | ||
| 700 | 1 | |a Paura, Vilma | |
| 700 | 1 | |a Serrano, Gerardo | |
| 859 | |a CEMS |b BIB. CEMS - 11 de abril |h 940.5 |i C162 |p 21811.02 |t Ej.1 | ||
| 859 | |a CEMS |b BIB. CEMS - 11 de abril |h 940.5 |i C162 |p 26271.12 |t Ej.2 | ||
